<?xml version="1.0" encoding="UTF-8"?>
<record
    xmlns:xsi="http://www.w3.org/2001/XMLSchema-instance"
    xsi:schemaLocation="http://www.loc.gov/MARC21/slim http://www.loc.gov/standards/marcxml/schema/MARC21slim.xsd"
    xmlns="http://www.loc.gov/MARC21/slim">

  <leader>02436nam a2200313   4500</leader>
  <controlfield tag="001">161</controlfield>
  <controlfield tag="003">OSt</controlfield>
  <controlfield tag="005">20250528074013.0</controlfield>
  <controlfield tag="008">250129b        |||||||g |||| 00| 1 eng d</controlfield>
  <datafield tag="020" ind1=" " ind2=" ">
    <subfield code="a">9788599296462</subfield>
  </datafield>
  <datafield tag="040" ind1=" " ind2=" ">
    <subfield code="b">por</subfield>
  </datafield>
  <datafield tag="041" ind1=" " ind2=" ">
    <subfield code="h">eng</subfield>
    <subfield code="a">por</subfield>
  </datafield>
  <datafield tag="082" ind1=" " ind2=" ">
    <subfield code="a">813</subfield>
    <subfield code="b">C655c</subfield>
  </datafield>
  <datafield tag="100" ind1="1" ind2=" ">
    <subfield code="a">Coben, Harlan,</subfield>
    <subfield code="d">1962-</subfield>
    <subfield code="9">309</subfield>
  </datafield>
  <datafield tag="240" ind1=" " ind2=" ">
    <subfield code="a">Hold tight</subfield>
  </datafield>
  <datafield tag="245" ind1=" " ind2=" ">
    <subfield code="a">Confie em mim /</subfield>
    <subfield code="c">Coben, Harlan ; Tradu&#xE7;&#xE3;o de Marcelo Mendes</subfield>
  </datafield>
  <datafield tag="260" ind1=" " ind2=" ">
    <subfield code="a">Rio de Janeiro</subfield>
    <subfield code="b">Sextante</subfield>
    <subfield code="c">2009</subfield>
  </datafield>
  <datafield tag="300" ind1=" " ind2=" ">
    <subfield code="a">317 p.</subfield>
  </datafield>
  <datafield tag="520" ind1=" " ind2=" ">
    <subfield code="a">Preocupados com o comportamento cada vez mais distante de seu filho Adam &#x2013; principalmente depois do suic&#xED;dio de seu melhor amigo, Spencer Hill &#x2013;, o Dr. Mike Baye e sua esposa, Tia, decidem instalar um programa de monitora&#xE7;&#xE3;o no computador do garoto.

Os primeiros relat&#xF3;rios n&#xE3;o revelam nada importante. Por&#xE9;m, quando eles j&#xE1; come&#xE7;avam a se sentir mais tranq&#xFC;ilos, uma estranha mensagem muda completamente o rumo dos acontecimentos: &#x201C;Fica de bico calado que a gente se safa.&#x201D;

Perto dali, a m&#xE3;e de Spencer, Betsy, encontra uma foto que levanta suspeitas sobre as circunst&#xE2;ncias da morte de seu filho. Ao contr&#xE1;rio do que todos pensavam, ele n&#xE3;o estava sozinho naquela noite fat&#xED;dica. Teria sido mesmo suic&#xED;dio?

Para tornar o caso ainda mais estranho, Adam combina ir a um jogo com o pai, mas desaparece misteriosamente. Acreditando que o garoto est&#xE1; correndo grande perigo, Mike n&#xE3;o medir&#xE1; esfor&#xE7;os para encontr&#xE1;-lo.

Quando duas mulheres s&#xE3;o assassinadas, uma s&#xE9;rie de acontecimentos faz com que a vida de todas essas pessoas se cruzem de forma tr&#xE1;gica, violenta e inesperada.

Confie em mim &#xE9; um suspense eletrizante, mas tamb&#xE9;m um convite &#xE0; reflex&#xE3;o sobre temas mais profundos. Neste livro, Harlan Coben &#x2013; vencedor de diversos pr&#xEA;mios e presen&#xE7;a constante nas listas de mais vendidos de todo o mundo &#x2013; aborda assuntos atuais, como a facilidade de acesso a informa&#xE7;&#xF5;es na era da internet, e questiona os limites no relacionamento entre pais e filhos: quando &#xE9; hora de intervir? Quando o melhor &#xE9; simplesmente confiar? At&#xE9; onde voc&#xEA; iria para proteger as pessoas que mais ama na vida?</subfield>
  </datafield>
  <datafield tag="650" ind1=" " ind2="0">
    <subfield code="a">Literatura Americana</subfield>
    <subfield code="9">84</subfield>
  </datafield>
  <datafield tag="650" ind1=" " ind2="0">
    <subfield code="a">Crime e Investiga&#xE7;&#xE3;o </subfield>
    <subfield code="9">13</subfield>
  </datafield>
  <datafield tag="650" ind1=" " ind2="0">
    <subfield code="a">Mist&#xE9;rio</subfield>
    <subfield code="9">42</subfield>
  </datafield>
  <datafield tag="650" ind1=" " ind2="0">
    <subfield code="a">Suspense</subfield>
    <subfield code="9">10</subfield>
  </datafield>
  <datafield tag="650" ind1=" " ind2="0">
    <subfield code="a">Filme</subfield>
    <subfield code="9">26</subfield>
  </datafield>
  <datafield tag="655" ind1=" " ind2="0">
    <subfield code="a">Romance</subfield>
    <subfield code="9">23</subfield>
  </datafield>
  <datafield tag="655" ind1=" " ind2="0">
    <subfield code="a">Fic&#xE7;&#xE3;o </subfield>
    <subfield code="9">22</subfield>
  </datafield>
  <datafield tag="700" ind1=" " ind2=" ">
    <subfield code="a">Marcelo Mendes</subfield>
    <subfield code="e">Tradutor</subfield>
    <subfield code="9">255</subfield>
  </datafield>
  <datafield tag="942" ind1=" " ind2=" ">
    <subfield code="2">ddc</subfield>
    <subfield code="n">0</subfield>
    <subfield code="c">BK</subfield>
  </datafield>
  <datafield tag="952" ind1=" " ind2=" ">
    <subfield code="0">0</subfield>
    <subfield code="1">0</subfield>
    <subfield code="2">ddc</subfield>
    <subfield code="4">0</subfield>
    <subfield code="7">0</subfield>
    <subfield code="8">FIC</subfield>
    <subfield code="a">BIBIB</subfield>
    <subfield code="b">BIBIB</subfield>
    <subfield code="c">LE</subfield>
    <subfield code="d">2013-12-11</subfield>
    <subfield code="e">doa&#xE7;&#xE3;o</subfield>
    <subfield code="l">0</subfield>
    <subfield code="o">813 / C655c</subfield>
    <subfield code="p">2025-14813</subfield>
    <subfield code="r">2025-01-29 13:30:54</subfield>
    <subfield code="w">2025-01-29</subfield>
    <subfield code="y">BK</subfield>
  </datafield>
  <datafield tag="999" ind1=" " ind2=" ">
    <subfield code="c">161</subfield>
    <subfield code="d">161</subfield>
  </datafield>
</record>
